01307pab a2200217 454500008004000000100002000040245007400060260000900134300001500143362001200158520063800170650001200808650001800820650002100838650001900859700002500878773005100903909001000954999001700964952010800981180718b1999 xxu||||| |||| 00| 0 eng d aBartle, John R. aLocal government fiscal reform: principles and options for the future c1999 ap.1631-657 aNov-Dec aU.S. local governments in the 1980s were under increasing fiscal stress. The fiscal outlook is not particularly bright because of projected rapid growth of certain expenditures and the slow growth of most local revenue sources. Potentially major changes in fiscal responsibilities at the federal and state levels may call for local government fiscal reform in the future. This article uses a case study of Broome County, New York, to illustrate the difficulties local governments face and then suggests a series of revenue reforms that can enhance equity, efficiency, revenue productivity, and administrative simplicity. - Reproduced aRevenue aLocal finance aLocal government aPublic finance aGreenberg, Ronald L. aInternational Journal of Public Administration a42700 c42700d42700 00104070aIIPAbIIPAd2018-07-19hVolume no: 22, Issue no: 11-12pAR43085r2018-07-19w2018-07-19yAR